Регионална библиотека "Любен Каравелов" - Русе

Отровен бизнес (Запис номер 442261)

MARC детайли
000 -Лидер
Контролно поле с фиксирана дължина 01052aam a2200253 a 4500
003 - Код на организацията, давaща контролен номер
Контролно поле BLK
005 - Дата и час на последна редакция
Контролно поле 20250508093449.0
008 - Елементи от данни с фиксирана дължина
fixed length control field 181012b bu ||||| |||| 00| 0 bu d
020 ## - Международен стандартен номер на книга ISBN
Международен стандартен номер на книга ISBN 9786190301097
040 ## - Източник на каталожния запис
Идентификатор на билиотеката - собственик на записа BLK
041 ## - Код за език
Код за езика на текст/звукозапис или на отделно заглавие Български
Код за езика КДБФ Български
080 ## - УДК
Текстов определител УДК Американска литература (на САЩ)
УДК код - определител по УДК 821.111(73)
УДК - код + определител 821.111(73)-312
УДК определител -312
100 ## - Редна дума - Автор
Автор Крайтън, Майкъл
Авторска отговорност първи автор
R(LIN) 1299
139 ## - Редно поле
Редна дума Крайтън, Майкъл
Авторски знак Крав - К 88
245 ## - Сведения за заглавието
Заглавие Отровен бизнес
Подзаглавни данни Роман
Редно поле (дума) Майкъл Крайтън; прев. Радослав Христов
257 ## - Страна на издаване
Страна на създаване/издаване България
260 ## - Област на издателските данни
Място на издаване, разпространение и проч. София
Име на издателя, разпространителя и проч. Бард
Година на издаване 2021
9 (RLIN) 209457
Печатница София : Алианс Принт
Издателство - префикс ISBN 978-954-655- ; 978-954-585- ; 978-954-584-
300 ## - Физическа характеристика
Страници 427 с.
Размери/Мащаб 20 см
380 ## - Жанр
Жанр Худож. лит.
500 ## - Общи забележки
Забележка Под псевдонима Джон Ленг.
700 ## - Други автори (авторска отговорност)
Лично име Христов, Радослав Христов
Дати, свързани с автора 1963-
9 (RLIN) 376480
999 ## - СИСТЕМНИ КОНТРОЛНИ НОМЕРА
Koha biblionumber 442261
Koha biblioitemnumber 442261
942 ## - АРТИКУЛИ
Вид на библиотечния материал Книги
Източник на класификационната схема Universal Decimal Classification
Скрит в OPAC Не
Koha issues (borrowed), all copies 92
Периодичен библиозапис Да
944 ## - СЪЗДАВАНЕ И РЕДАКЦИЯ на ЗАПИСА
Служител, извършил регистрацията/редакцията 30542
Създаване/Редакция Редакция
Дата на регистрацията/редакция 2022-02-16
Статус, дата на статуса Русанова Ирена
Наличности
Код за отписване Код за изгубен артикул Източник на класификационната схема Код за повреда Коз за рестрикции Код за отдаване Артикулен № Име на библиотеката - собственик Име на библиотеката, в която се намира в момента Статус (Текущо местоположение) Дата на вписване в системата Местоположение - отдел Цена в лева Систематично азбучна сигнатура Баркод Цена в евро Служебен тип на артикула
  Не е изгубен Universal Decimal Classification Не е повреден без рестрикции заемане за дома 868445 Регионална библиотека "Любен Каравелов" Русе Регионална библиотека "Любен Каравелов" Русе Заемна - подръчен фонд 2022-01-26 Заемна - подръчен фонд 14.99 821-31/К 88 М 120000864413 7.66 Книги
  Не е изгубен Universal Decimal Classification Не е повреден без рестрикции заемане за дома 872408 Регионална библиотека "Любен Каравелов" Русе Регионална библиотека "Любен Каравелов" Русе Заемна - подръчен фонд 2022-02-16 Заемна - подръчен фонд 14.99 821-31/К 88 120000866074 7.66 Книги
Vip Innovations Ltd, Rousse, Bulgaria 2025